=LDR 00000nam 2200000 4500 =001 INLIS000000000002807 =005 20130612091127 =008 ***********************************Ind** =035 ##$$0010-061300000002807 =041 ##$$a Ind =082 ##$$a 796.815 9 =090 ##$$a 796.815 9, Luk r =100 ##$$a Lukas T =245 ##$$a Rahasia kung fu Bruce Lee, Lukas T =260 ##$$a 14 cm $b Semarang =300 ##$$a 135 hlm, ilus, 14 cm =650 ##$$a Kung Fu =850 ##$$a NBPNMAT